000 00210nam a22000857a 4500
008 161124b xxu||||| |||| 00| 0 eng d
100 _91357
_aBPI India
245 _aGrand Father
260 _aNew Delhi
_bBPI India
_c2011
999 _c4070
_d4070